Zjišťování porostních zásob v soudně znalecké praxi sborník : v Dobříši, 26. října 2011

Korporativní autor: Česká zemědělská univerzita v Praze. Lesnická a dřevařská fakulta
Další autoři: Zjišťování porostních zásob v soudně znalecké praxi (seminář), Lesy České republiky (firma)
Jazyk: Čeština
Vydáno: Plzeň : Ústav pro hospodářskou úpravu lesů Brandýs nad Labem pobočka Plzeň, 2011
Témata:
Fyzický popis: 1 CD-ROM
Knihy
Uloženo v:
LEADER 02263nam a2200517 a 4500
001 001270956
003 CZ BrMZK
005 20130212082755.0
006 m||||||||d||||||||
007 co cg
008 121213s2011 xr e 10| 0 cze d
015 |a cnb002258201 
020 |a 978-80-260-1216-0 
040 |a OLA001  |b cze  |d BOA001 
072 7 |a 630  |x Lesnictví  |2 Konspekt  |9 24 
080 |a 630.1  |2 MRF 
080 |a 630.228  |2 MRF 
080 |a 630.5  |2 MRF 
080 |a 630.51/.53  |2 MRF 
080 |a 630.95  |2 MRF 
080 |a 347.948  |2 MRF 
080 |a (062.534)  |2 MRF 
080 |a (0.034.44)  |2 MRF 
111 2 |a Zjišťování porostních zásob v soudně znalecké praxi (seminář)  |d (2011 :  |c Dobříš, Česko)  |7 kn20120322005 
245 1 0 |a Zjišťování porostních zásob v soudně znalecké praxi  |h [elektronický zdroj] :  |b sborník : v Dobříši, 26. října 2011 
246 1 |i Název na pouzdře:  |a Sborník prezentací z pracovního semináře "Zjišťování porostních zásob v soudně znalecké praxi" 
260 |a Plzeň :  |b Ústav pro hospodářskou úpravu lesů Brandýs nad Labem pobočka Plzeň,  |c 2011 
300 |a 1 CD-ROM 
500 |a Název z titulní obrazovky 
500 |a Na obálce nad názvem: Česká zemědělská univerzita v Praze, Fakulta lesnická a dřevařská, Lesy ČR, ČUSZLH, LRS Zbiroh 
538 |a Požadavky na systém: Adobe Acrobat Reader 
650 0 7 |a lesy  |7 ph115123  |2 czenas 
650 0 7 |a lesní porosty  |7 ph115116  |2 czenas 
650 0 7 |a dendrometrie  |7 ph316236  |2 czenas 
650 0 7 |a dendrometrická měření  |7 ph495123  |2 czenas 
650 0 7 |a oceňování lesa  |7 ph280638  |2 czenas 
650 0 7 |a znalecká činnost  |7 ph307609  |2 czenas 
655 7 |a sborníky konferencí  |7 fd133333  |2 czenas 
655 7 |a CD-ROM  |7 fd133955  |2 czenas 
710 2 |a Česká zemědělská univerzita v Praze.  |b Lesnická a dřevařská fakulta  |7 ko2007416980 
710 2 |a Lesy České republiky (firma)  |7 kn20030215184 
910 2 |a BOA001  |b CDR-1298.051 
928 9 |a Ústav pro hospodářskou úpravu lesů Brandýs nad Labem, pobočka Plzeň 
990 |a BK 
991 |b 201302  |c NOV  |e n 
996 6 |b 2610531742  |c CDR-1298.051  |l Stud. periodik/2.patro  |r Sklad / do 1 hodiny  |n 0  |p p.v.  |w 001307035  |u 000010  |a 1  |e BOA001  |j MZK50  |s P